El puente hacia el infinito / (Registro nro. 11020)

Detalles MARC
000 -LIDER
fixed length control field 00637nam a22002297a 4500
001 - NÚMERO DE CONTROL
Identificador de número de control 00910
003 - IDENTIFICACDOR DE NÚMERO DE CONTROL
control field DO-SdBNP
005 - DATE AND TIME OF LATEST TRANSACTION
control field 20180202093924.0
007 - CAMPOS FIJOS DE DESCRIPCIÓN FÍSICA
fixed length control field 00910
008 - ELEMENTOS DE LONGITUD FIJA
fixed length control field 160725b 1984 ag 00| 0 spa d
020 ## - ISBN
International Standard Book Number 9501503771
040 ## - FUENTE DE CATALOGACIÓN
Agencia que crea de manera original el registro BPMSU
Idioma de catalogación spa
Agencia que realiza la transcripción BPMSU
092 ## - LOCALLY ASSIGNED DEWEY DECIMAL CALL NUMBER
Número de clasificación xxxxxxxx
Número de ítem (Cutter) xxxxxxxx
100 1# - ASIENTO PRINCIPAL -- NOMBRE PERSONAL
Nombre personal Bach, Richard
245 13 - MENCIÓN DE TITULO
Título El puente hacia el infinito /
Mención de responsabilidad Richard Bach ; traducción Edith Zilli
260 ## - PUBLICACIÓN, DISTRIBUCIÓN, ETC. (PIE DE IMPRENTA)
Lugar de publicación, distribución, etc Barcelona, España :
Nombre del editor, distribuidor, etc. Javier Vergara,
Fecha de publicación, distribución, etc 1984.
300 ## - DESCRIPCIÓN FÍSICA
Extensión 357 p. :
Dimensiones 21 cm.
700 ## - ASIENTO SECUNDARIO -- NOMBRE PERSONAL
Nombre personal Zilli, Edith,
Mención de responsabilidad tr.
942 ## - ADDED ENTRY ELEMENTS (KOHA)
Source of classification or shelving scheme Dewey Decimal Classification
Koha item type Libros
945 ## - INFORMACIÓN DE PROCESAMIENTO LOCAL
Información de procesamiento local Inventariado, 2018/ YL
956 ## - LOCAL ELECTRONIC LOCATION AND ACCESS (OCLC)
Nombre de host BTAVÁREZ
Número de acceso 10
Información de compresión 20162507
Trayectoria 00910
Existencias
Withdrawn status Lost status Source of classification or shelving scheme Damaged status Not for loan Collection code Home library Current library Date acquired Source of acquisition Total Checkouts Barcode Date last seen Price effective from Koha item type
    Dewey Decimal Classification     Colección General Biblioteca Pública Metropolitana Salomé Ureña Biblioteca Pública Metropolitana Salomé Ureña 07/25/2016 Fundi   BPMSU16070646 07/25/2016 07/25/2016 Libros